[Event "Hilton Master Open 2013"]
[Site "Basel SUI"]
[Date "2013.01.02"]
[Round "3.29"]
[White "Faraone,E"]
[Black "Curien,N"]
[Result "1-0"]
[WhiteElo "2003"]
[BlackElo "2239"]

1.e4 e6 2.d4 d5 3.Nd2 Be7 4.Ngf3 Nf6 5.e5 Nfd7 6.c4 dxc4 7.Bxc4 Nb6 8.Bb3 Bd7
9.O-O Bc6 10.Re1 Bd5 11.Bc2 Nc6 12.Ne4 Nb4 13.Bb1 h6 14.a3 Bxe4 15.Bxe4 N4d5
16.Bc2 c5 17.Bd2 c4 18.Ba4+ Kf8 19.Bc2 Qd7 20.Re4 Rc8 21.Bc1 g6 22.h4 h5
23.g3 Bd8 24.Ng5 Ne7 25.Nh3 Nf5 26.Nf4 Nd5 27.Nxd5 Qxd5 28.Rf4 Kg7 29.Bxf5 gxf5
30.Bd2 Be7 31.Rc1 b5 32.Kh2 a6 33.Qe2 Kg6 34.Bc3 Bf8 35.g4 hxg4 36.Rxg4+ fxg4
37.Qxg4+ Kh7 38.Qh5+ Kg8 39.Rg1+ Bg7 40.Rxg7+ Kxg7 41.Qg5+ Kf8 42.Bb4+  1-0

[Event "XLII Rilton Cup"]
[Site "Stockholm SWE"]
[Date "2013.01.03"]
[Round "7.21"]
[White "Nielsen,Ro"]
[Black "Schneider,Stef"]
[Result "1/2-1/2"]
[WhiteElo "2208"]
[BlackElo "2312"]

1.e4 e6 2.d4 d5 3.Nd2 Be7 4.Bd3 c5 5.c3 cxd4 6.cxd4 Nc6 7.Ne2 Nb4 8.Bb1 dxe4
9.Nxe4 Nf6 10.O-O Bd7  1/2-1/2

[Event "Australian Open 2013"]
[Site "Cammeray AUS"]
[Date "2013.01.04"]
[Round "3.30"]
[White "Bennett,H"]
[Black "Bennett,Matthew"]
[Result "1-0"]
[WhiteElo "1966"]
[BlackElo "1817"]

1.e4 e6 2.d4 d5 3.Nd2 Nc6 4.Ngf3 Nf6 5.e5 Nd7 6.Be2 f6 7.exf6 Qxf6 8.Nf1 Bd6
9.Ne3 O-O 10.O-O Qg6 11.g3 Nf6 12.Nh4 Qf7 13.f4 b6 14.Nf3 Ne4 15.c4 Bb7 16.a3 Rad8
17.Qc2 Ne7 18.Bd3 g6 19.Bxe4 dxe4 20.Ng5 Qf6 21.Ng4 Qxd4+ 22.Be3 Qh8 23.Nh6+ Kg7
24.Nxe6+ Kxh6 25.f5+  1-0

[Event "88th Hastings Masters"]
[Site "Hastings ENG"]
[Date "2013.01.04"]
[Round "8.11"]
[White "Gu Xiaobing"]
[Black "Rendle,T"]
[Result "1-0"]
[WhiteElo "2209"]
[BlackElo "2381"]

1.e4 e6 2.d4 d5 3.Nd2 a6 4.Ngf3 Nf6 5.Bd3 c5 6.dxc5 dxe4 7.Bxe4 Bxc5 8.Qe2 O-O
9.c3 Nbd7 10.Bc2 Qe7 11.O-O b5 12.Nb3 Bb7 13.Nxc5 Qxc5 14.Bf4 Qh5 15.Bd6 Rfc8
16.a4 Nb6 17.axb5 axb5 18.Rxa8 Bxa8 19.Bg3 Qc5 20.Rd1 Bd5 21.Bh4 Nc4 22.Bxf6 gxf6
23.Bb1 Ba8 24.Rd4 Qh5 25.Be4 Bxe4 26.Rxe4 Rd8 27.h3 f5 28.Rh4 Qg6 29.b3 Nd6
30.Qd3 Qf6 31.Qe3 Ne4 32.Kh2 Rc8 33.c4 bxc4 34.bxc4 Rxc4 35.Ng5 Rc2 36.Rh5 Qg6
37.Nxe4 fxe4 38.Rg5 f5 39.Rxg6+ hxg6 40.h4 Kf7 41.Kg3 Kf6 42.Qd4+  1-0

[Event "18th Bosnjaci Open"]
[Site "Bosnjaci CRO"]
[Date "2013.01.05"]
[Round "4.6"]
[White "Lazor,V"]
[Black "Kovacevic,Bl"]
[Result "0-1"]
[WhiteElo "2207"]
[BlackElo "2446"]

1.e4 e6 2.d4 d5 3.Nd2 Be7 4.Ngf3 Nf6 5.Bd3 c5 6.c3 cxd4 7.cxd4 dxe4 8.Nxe4 O-O
9.O-O Bd7 10.Nxf6+ Bxf6 11.Qc2 g6 12.Bh6 Re8 13.Rad1 Bc6 14.Be4 Bd5 15.Ne5 Nc6
16.Nxc6 bxc6 17.b3 a5 18.Rfe1 Qb8 19.Re3 a4 20.Rg3 axb3 21.axb3 Re7 22.h4 Bxh4
23.Rh3 Bf6 24.Bxd5 cxd5 25.Qd2 Rb7 26.Bf4 Qf8 27.Be5 Bxe5 28.dxe5 Rab8 29.Rb1 Rb4
30.Qg5 Qg7 31.f4 Rf8 32.Rc1 f6 33.exf6 Qxf6 34.Qh6 Qd4+ 35.Kh1 Qg7 36.Qxg7+ Kxg7
37.Rc7+ Kf6 38.Rhxh7 Rxf4 39.Rb7 Ke5 40.b4 g5 41.b5 Rh4+ 42.Rxh4 gxh4 43.b6 Rf1+
44.Kh2 Rb1 45.Rb8 Kd4 46.b7 e5 47.Kh3 e4 48.Kxh4 e3 49.Kg3 Kd3 50.Rd8 e2
51.Rxd5+ Ke4  0-1

[Event "Australian Open 2013"]
[Site "Cammeray AUS"]
[Date "2013.01.05"]
[Round "4.5"]
[White "Illingworth,M"]
[Black "Morris,Mi2"]
[Result "1-0"]
[WhiteElo "2408"]
[BlackElo "2168"]

1.e4 e6 2.d4 d5 3.Nd2 Nc6 4.Ngf3 Nf6 5.e5 Nd7 6.c3 f6 7.Bb5 fxe5 8.dxe5 Be7
9.Nd4 Ndxe5 10.f4 O-O 11.fxe5 Nxe5 12.Qh5 a6 13.Be2 Bd6 14.Rf1 g6 15.Rxf8+ Qxf8
16.Qh4 Nf7 17.Bg4 c5 18.Nc2 Ne5 19.Be2 Bd7 20.Nf3 Nxf3+ 21.Bxf3 Qf5 22.Ne3 Qe5
23.Kf2 h5 24.Nf1 Rf8 25.Kg1 Qg7 26.Bg5 Bc6 27.Rd1 b5 28.Ne3 b4 29.c4 d4 30.Bxc6 dxe3
31.Qe4 Qf7 32.Bxe3  1-0

[Event "11th Parsvnath Open"]
[Site "New Delhi IND"]
[Date "2013.01.06"]
[Round "3.28"]
[White "Ankit,R"]
[Black "Rishi,S"]
[Result "1-0"]
[WhiteElo "2407"]
[BlackElo "2213"]

1.e4 e6 2.d4 d5 3.Nd2 Be7 4.c3 c5 5.dxc5 Bxc5 6.Bd3 Nf6 7.Qe2 Nc6 8.Ngf3 O-O
9.O-O Bb6 10.e5 Nd7 11.Nb3 f6 12.exf6 Nxf6 13.Nbd4 Qd6 14.Be3 e5 15.Nxc6 bxc6
16.Bxb6 e4 17.Bd4 Ng4 18.Be5 Nxe5 19.Nxe5 Qxe5 20.f3 e3 21.Rae1 Re8 22.f4 Qe7
23.f5 Qf6 24.Rf3 Bd7 25.Rxe3 Rxe3 26.Qxe3 Bxf5 27.Bxf5 Qxf5 28.b4 h6 29.a3 a5
30.Qe6+ Qxe6 31.Rxe6 axb4 32.axb4 Ra6 33.Kf2 Kf7 34.Rd6 Ke7 35.Rg6 Kf7 36.Rg3 Ra1
37.Ke3 Rd1 38.h3  1-0

[Event "11th Parsvnath Open"]
[Site "New Delhi IND"]
[Date "2013.01.06"]
[Round "3.51"]
[White "Harshal,S"]
[Black "Natarajan,C"]
[Result "1/2-1/2"]
[WhiteElo "1941"]
[BlackElo "2237"]

1.e4 e6 2.d4 d5 3.Nd2 Be7 4.e5 c5 5.c3 Nc6 6.Ndf3 f6 7.Bd3 cxd4 8.cxd4 fxe5
9.Nxe5 Nf6 10.Nxc6 bxc6 11.Nf3 O-O 12.O-O c5 13.dxc5 Bxc5 14.Qc2 Bd6 15.Bg5 h6
16.Bxf6 Rxf6 17.Qe2 Bd7 18.Ne5 Rb8 19.b3 Rb6 20.Rac1 Ba3 21.Rc2 Be8 22.f4 Rf8
23.Qg4 Qf6 24.Re2 Bd6 25.Ree1 Rb4 26.Qh3 Rxf4 27.Rxf4 Qxf4 28.Qxe6+ Kh8 29.Kh1 Bxe5
30.Qxe5 Qxe5 31.Rxe5 Bg6 32.Bb5 Rd8 33.Re2 d4 34.Rd2 Kg8  1/2-1/2

[Event "Australian Open 2013"]
[Site "Cammeray AUS"]
[Date "2013.01.10"]
[Round "8.7"]
[White "Choong,Y"]
[Black "Xie,G"]
[Result "1/2-1/2"]
[WhiteElo "2161"]
[BlackElo "2382"]

1.e4 e6 2.d4 d5 3.Nd2 a6 4.Ngf3 c5 5.exd5 exd5 6.Be2 Nf6 7.O-O Be7 8.dxc5 Bxc5
9.Nb3 Ba7 10.c3 h6 11.Nfd4 O-O 12.Be3 Nbd7 13.Nf5 Bb8 14.Nbd4 Ne5 15.Qc1 Nfg4
16.Bf4 Qf6 17.Bxg4 Nxg4 18.Bxb8 Rxb8 19.Qf4 Ne5 20.Nxh6+ Qxh6 21.Qxe5 Bd7
22.Rad1 Rfd8 23.Rfe1 Qg6 24.Qg3 Qh5 25.Rd3 Qh7 26.Rde3 Rbc8 27.Re5 Qh6 28.Qe3 Qd6
29.Re7 b5 30.Qf3 Qg6 31.R7e5 b4 32.cxb4 Qd6 33.Rxd5 Qxb4 34.Rd1 Qxb2 35.Nf5 Qf6
36.Qd3 Rc3 37.Qd2 Rdc8 38.Nh6+ gxh6 39.Rxd7 Rc2 40.Qd4 Qxd4 41.R1xd4 Rc1+
42.Rd1 R8c2 43.g3 Rxd1+ 44.Rxd1 Rxa2 45.Rd8+ Kg7 46.Ra8 h5 47.h4 Kf6 48.Kg2 Ra5
49.f3 Ra2+ 50.Kh3 Ra3 51.Kg2 Kf5 52.Rh8 Kg6 53.Ra8 f6 54.g4 hxg4 55.fxg4 Ra1
56.Kg3 a5 57.Ra6 Ra3+ 58.Kf4 Ra4+ 59.Kg3 Ra3+ 60.Kf4  1/2-1/2

[Event "TCh-DEN XtraCon 2012-13"]
[Site "Denmark DEN"]
[Date "2013.01.13"]
[Round "5.6"]
[White "Pedersen,Sven2"]
[Black "Klitgaard,T"]
[Result "0-1"]
[WhiteElo "2114"]
[BlackElo "2186"]

1.e4 e6 2.d4 d5 3.Nd2 Nc6 4.Ngf3 Nf6 5.e5 Nd7 6.Bd3 f6 7.exf6 Qxf6 8.Nf1 Bd6
9.Bg5 Qf7 10.Bh4 h6 11.Ne3 O-O 12.O-O Kh8 13.c4 Nb4 14.Bb1 dxc4 15.Nxc4 b6
16.a3 Nd5 17.Bg3 Nf4 18.Re1 Bb7 19.Nxd6 cxd6 20.Bxf4 Qxf4 21.Qd3 Nf6 22.Rxe6 Rae8
23.Ba2 Be4 24.Qe3 Qf5 25.Rxe8 Rxe8 26.Nh4 Qh5 27.Qg3 Qe2 28.Bf7 Qxb2 29.Rf1 Rd8
30.h3 Qxd4 31.Rc1 Qe5 32.Qxe5 dxe5 33.f3 Bd3 34.Rd1 Rd4 35.g4 g5 36.Ng2 Bc2
37.Rc1 Rd1+ 38.Rxd1 Bxd1 39.Kf2 e4 40.f4 Kg7 41.Bc4 Bf3 42.fxg5 hxg5 43.Ne3 Nd7
44.Bb5 Nc5 45.Nf5+ Kf6 46.Nd6 Ke5 47.Nc8 Kf4 48.Nxa7 e3+ 49.Ke1 Bb7 50.Nc6 Bxc6
51.Bxc6 Ne6 52.Bb5 Nd4 53.Bd3 Kg3 54.Bf1 e2 55.Bxe2 Nxe2 56.Kxe2 Kxh3 57.a4 Kxg4
58.Kf2 Kh3 59.Kg1 Kg3  0-1

[Event "Century West Open"]
[Site "Los Angeles USA"]
[Date "2013.01.13"]
[Round "4"]
[White "Peters,Ja"]
[Black "Abrahamyan,T"]
[Result "0-1"]
[WhiteElo "2350"]
[BlackElo "2304"]

1.e4 e6 2.d4 d5 3.Nd2 Be7 4.Bd3 c5 5.dxc5 Nf6 6.Qe2 O-O 7.Ngf3 a5 8.O-O Na6
9.e5 Nd7 10.Nb3 a4 11.Nbd4 Ndxc5 12.Re1 Nxd3 13.cxd3 Nc5 14.a3 Qd7 15.Bg5 b6
16.Bxe7 Qxe7 17.Nc6 Qd7 18.Nfd4 Bb7 19.Nb4 f5 20.exf6 Rxf6 21.Qe5 Raf8 22.f3 Rg6
23.Re3 Qd8 24.f4 Rgf6 25.g3 Rf5 26.Nxf5 Rxf5 27.Qxf5 exf5 28.Rae1 Qd6 29.Re5 h6
30.Rxf5 Ne6 31.Rfe5 Qc5+ 32.Kg2 Nd4 33.Re8+ Kh7 34.Rd8 Nc2 35.Ree8 Nxb4 36.axb4 d4+
37.Kf1 Qc1+ 38.Kf2 Qxb2+ 39.Kf1 Qc1+ 40.Kf2 Qd2+  0-1

[Event "TCh-AUT 2012-13"]
[Site "Graz AUT"]
[Date "2013.01.17"]
[Round "4.5"]
[White "Wallner,J"]
[Black "De Francesco,K"]
[Result "1-0"]
[WhiteElo "2380"]
[BlackElo "2246"]

1.e4 e6 2.d4 d5 3.Nd2 a6 4.Ngf3 Nf6 5.e5 Nfd7 6.Bd3 c5 7.c3 Nc6 8.O-O g5
9.dxc5 g4 10.Nd4 Ndxe5 11.N2b3 Nxd3 12.Qxd3 e5 13.Re1 Bg7 14.Bf4 f6 15.Nxc6 bxc6
16.Nd4 Qd7 17.Bg3 O-O 18.Nc2 Qf7 19.a4 Bd7 20.a5 Rfe8 21.Nb4 f5 22.Nxa6 f4
23.Bh4 Bf5 24.Qf1 Qa7 25.Nb4 Qxc5 26.a6 Qd6 27.a7 c5 28.Ra6 Qd7 29.Nc6 c4
30.Rea1 Bf8 31.Qd1 Bd3 32.Qa4 Qf7 33.Nd8 Rexd8 34.Bxd8 g3 35.Qc6 gxf2+ 36.Kxf2 e4
37.Bg5 e3+ 38.Kg1 f3 39.Bxe3 fxg2 40.Bf2 Qf3 41.Qxa8  1-0

[Event "PSC Cup 2013"]
[Site "Manila PHI"]
[Date "2013.01.17"]
[Round "6.8"]
[White "Bilguun,Sumiya"]
[Black "Nadera,B"]
[Result "1-0"]
[WhiteElo "2213"]
[BlackElo "2392"]

1.e4 e6 2.d4 d5 3.Nd2 a6 4.Ngf3 Nf6 5.e5 Nfd7 6.Bd3 c5 7.c3 Nc6 8.O-O Qb6
9.Re1 h6 10.a3 cxd4 11.cxd4 Nxd4 12.Nxd4 Qxd4 13.Nf3 Qb6 14.Qa4 Be7 15.Be3 Qd8
16.Qg4 Kf8 17.Rac1 Nb8 18.Bb6 Qe8 19.Nd4 h5 20.Qf4 Kg8 21.b4 Nd7 22.Bc7 Nf8
23.Bd6 Bd8 24.Qe3 Bd7 25.f4 g6 26.Bc7 Be7 27.Bb6 Rh7 28.Rc3 Ba4 29.Bc5 Bd8
30.Nf3 Nd7 31.Bd4 Nb8 32.Bb6 Nc6 33.Bxd8 Qxd8 34.Nd4 Nxd4 35.Qxd4 Bc6 36.Rec1 Kg7
37.Rf1 Rh8 38.f5 gxf5 39.Bxf5 Rh6 40.Rg3+ Kh8 41.Qd2 Qf8 42.Bg6 f5 43.Bxf5 exf5
44.Rxf5 Rh7 45.Rxf8+ Rxf8 46.Qd4  1-0

[Event "75th Tata Steel GpB"]
[Site "Wijk aan Zee NED"]
[Date "2013.01.17"]
[Round "5.4"]
[White "Tiviakov,S"]
[Black "Rapport,R"]
[Result "0-1"]
[WhiteElo "2655"]
[BlackElo "2621"]

1.e4 e6 2.d4 d5 3.Nd2 Be7 4.c3 c5 5.dxc5 Bxc5 6.Nb3 Bb6 7.exd5 exd5 8.Bb5+ Nc6
9.Nf3 Nf6 10.Qe2+ Ne4 11.Be3 O-O 12.O-O-O Bf5 13.Nfd4 Bg6 14.f3 Nxd4 15.Nxd4 Nd6
16.Bd3 Nc4 17.Bxg6 hxg6 18.Rhe1 Re8 19.Qf2 Qe7 20.Bd2 Qf6 21.b3 Ne5 22.Kb1 a5
23.Bc1 a4 24.Qc2 axb3 25.axb3 Bc5 26.Re2 Rec8 27.Bb2 Bxd4 28.Rxd4 Nc6 29.Rdd2 d4
30.Qd3 Qg5 31.Re4 Qa5 32.Rc2 Qa2+ 33.Kc1 Qxb3 34.Kd2 Ra2 35.cxd4 Qxd3+ 36.Kxd3 Nb4+  0-1

[Event "TCh-CAT Div Hon 2013"]
[Site "Catalonia ESP"]
[Date "2013.01.19"]
[Round "1.3"]
[White "Lorenzo de la Riva,L"]
[Black "Torrecillas Martinez,A"]
[Result "1-0"]
[WhiteElo "2436"]
[BlackElo "2407"]

1.e4 e6 2.d4 d5 3.Nd2 Be7 4.Ngf3 Nf6 5.e5 Nfd7 6.Bd3 c5 7.c3 Nc6 8.O-O g5
9.dxc5 Nxc5 10.Bb5 Bd7 11.Re1 Nxe5 12.Nxe5 Bxb5 13.Qh5 O-O 14.Re3 g4 15.Qxg4+ Kh8
16.Rh3 Bg5 17.Qh5 Kg7 18.Ndf3 Bxc1 19.Qxh7+ Kf6 20.Qh4+ Kf5 21.g4+ Ke4 22.g5+  1-0

[Event "TCh-AUT 2012-13"]
[Site "Graz AUT"]
[Date "2013.01.19"]
[Round "6.4"]
[White "Acs,Peter"]
[Black "Neubauer,M"]
[Result "1-0"]
[WhiteElo "2586"]
[BlackElo "2440"]

1.e4 e6 2.d4 d5 3.Nd2 a6 4.Bd3 c5 5.dxc5 Bxc5 6.Ngf3 Nc6 7.a3 Nf6 8.Qe2 dxe4
9.Nxe4 Nxe4 10.Bxe4 Qc7 11.O-O Nd4 12.Nxd4 Bxd4 13.Rd1 Bf6 14.Qd3 Bd7 15.Bf4 e5
16.Bd2 Bc6 17.Bb4 Rd8 18.Qc4 Be7 19.Rxd8+ Bxd8 20.Re1 Bxe4 21.Qxe4 f6 22.Rd1 Be7
23.Qg4 Bxb4 24.axb4 O-O 25.Rd7  1-0

[Event "Kislovodsk Open 2013"]
[Site "Kislovodsk RUS"]
[Date "2013.01.19"]
[Round "5"]
[White "Vodolazhenko,Nikolay"]
[Black "Popov,Andrey2"]
[Result "1/2-1/2"]
[WhiteElo "1971"]
[BlackElo "2138"]

1.e4 e6 2.d4 d5 3.Nd2 a6 4.c3 c5 5.exd5 exd5 6.Ngf3 Nc6 7.dxc5 Bxc5 8.Nb3 Bb6
9.Be2 Nf6 10.O-O O-O 11.h3 Re8 12.Bf4 Ne4 13.Bh2 Qf6 14.Nbd4 Bxd4 15.cxd4 Ng5
16.Ne5 Ne6 17.Nxc6 bxc6 18.Be5 Qd8 19.Bh5 g6 20.Bg4 f6 21.Bxe6+ Rxe6 22.Bf4 Bd7
23.Re1 Qe7 24.Rxe6 Qxe6 25.Qe1 Qxe1+ 26.Rxe1 Re8 27.Rxe8+ Bxe8 28.Kf1 Bd7
29.b4 Kf7 30.Ke2 Bf5 31.Bd6 Ke6 32.Bc5 Bb1 33.a4 Bc2 34.a5 g5 35.g4 Bb3 36.f3 Bc4+
37.Kf2 Kf7 38.Bd6 Bb3 39.Ke2 Kg6 40.Bc5 f5 41.Bd6 h5 42.Bc5 Bc4+ 43.Kf2 Bd3
44.Bd6 Bb5 45.Bc5 Ba4 46.Ke2 Bb3 47.Bd6 Ba4 48.Bc5 Bb5+ 49.Kf2 Bd3 50.Bd6 Bc2
51.Ke2  1/2-1/2

[Event "75th Tata Steel GpB"]
[Site "Wijk aan Zee NED"]
[Date "2013.01.19"]
[Round "7.6"]
[White "Smeets,J"]
[Black "Nikolic,Pr"]
[Result "1-0"]
[WhiteElo "2615"]
[BlackElo "2619"]

1.e4 e6 2.d4 d5 3.Nd2 a6 4.Ngf3 c5 5.dxc5 Bxc5 6.Bd3 Ne7 7.O-O O-O 8.exd5 Nxd5
9.Ne4 Be7 10.c4 Nb4 11.Bb1 Qxd1 12.Rxd1 a5 13.Be3 f5 14.Nc3 f4 15.Bd4 Nd7
16.Na4 Ra6 17.Bc3 Rd6 18.Rxd6 Bxd6 19.a3 Nc6 20.Be4 Bc7 21.Rd1 Rd8 22.Kf1 Nf6
23.Rxd8+ Nxd8 24.Bc2 Nf7 25.Nd2 Kf8 26.Nb3 b6 27.c5 Ba6+ 28.Ke1 b5 29.Nb6 a4
30.Nd4 Nd8 31.Na8 Bb8 32.c6 e5 33.c7 Bxc7 34.Nxc7 exd4 35.Bb4+  1-0

[Event "Marianske Lazne Open 2013"]
[Site "Marianske Lazne CZE"]
[Date "2013.01.20"]
[Round "2.2"]
[White "Kulas,S"]
[Black "Nguyen Chi Minh"]
[Result "1/2-1/2"]
[WhiteElo "2042"]
[BlackElo "2401"]

1.e4 e6 2.d4 d5 3.Nd2 Nc6 4.Ngf3 Nf6 5.e5 Nd7 6.c3 f6 7.exf6 Qxf6 8.Bd3 Bd6
9.Qc2 e5 10.O-O O-O 11.Qb3 Nb6 12.Ne4 Qd8 13.Nxd6 cxd6 14.Be4 Kh8 15.Bxd5 Nxd5
16.Qxd5 Bg4 17.Ng5 Qf6 18.Be3 h6 19.Ne4 Qg6 20.Ng3 Rad8 21.Qe4 Bf5 22.Nxf5 d5
23.Qh4 Rxf5 24.dxe5 Rxe5 25.Qg3 Qf5 26.Rad1 Rf8 27.h3 Re6 28.Qg4 Qf7 29.Qe2 Rg6
30.Kh1 Qe6 31.Rfe1 Qe4 32.f3 Qh4 33.Rxd5 Qg3 34.Qf2 Rxf3 35.Qxg3 Rfxg3 36.Rd2 Rf6
37.Bd4 Rf7 38.Re6 Kh7 39.b4 Rd7 40.Kh2  1/2-1/2

[Event "Kislovodsk Open 2013"]
[Site "Kislovodsk RUS"]
[Date "2013.01.22"]
[Round "8"]
[White "Senkova,Darya"]
[Black "Badalyan,Vazgen"]
[Result "1/2-1/2"]
[WhiteElo "1836"]
[BlackElo "1911"]

1.e4 e6 2.d4 d5 3.Nd2 a6 4.Ngf3 c5 5.exd5 exd5 6.Be2 Nf6 7.O-O Bd6 8.dxc5 Bxc5
9.Nb3 Bb6 10.Re1 O-O 11.Bg5 Bxf2+ 12.Kxf2 Ne4+ 13.Kg1 Nxg5 14.Nxg5 Qxg5 15.Bf3 Nc6
16.Qxd5 Qf6 17.Qc5 Bd7 18.Rad1 Rfd8 19.Qb6 Rab8 20.Nc5 Be6 21.Nxe6 fxe6 22.Bxc6 bxc6
23.Rxd8+ Rxd8 24.Qxc6 Qd4+ 25.Kh1 e5 26.Qe6+ Kh8 27.c3 Qf4 28.Qxa6 Qf2 29.Rf1 Qxb2
30.Qd6 Qb8 31.Qxb8 Rxb8 32.g3 Kg8 33.Rf2 Rc8  1/2-1/2

[Event "11th Gibraltar Masters"]
[Site "Caleta ENG"]
[Date "2013.01.23"]
[Round "2.86"]
[White "Nwachukwu,Chino"]
[Black "Byron,A"]
[Result "0-1"]
[WhiteElo "1962"]
[BlackElo "2167"]

1.e4 e6 2.d4 d5 3.Nd2 Nc6 4.c3 Nf6 5.e5 Nd7 6.Bd3 b6 7.Nh3 Bb7 8.Qg4 Qe7
9.Nf4 O-O-O 10.O-O Re8 11.Re1 Kb8 12.a4 h6 13.Qe2 g5 14.Nh5 Rg8 15.Bh7 Rh8
16.Bd3 Rg8 17.b4 f6 18.Ba3 Qf7 19.Nxf6 Nxf6 20.exf6 Qxf6 21.Nf3 Qf4 22.b5 Nd8
23.Ne5 Bc8 24.Bg6 Bg7 25.Bxe8 Rxe8 26.g3 Qf5 27.a5 Rh8 28.axb6 axb6 29.Qa2 Bb7
30.Be7 Bxe5 31.Rxe5 Qg6 32.Bxd8 Rxd8 33.Qa7+ Kc8 34.Rae1 Re8 35.Qa1 Kd7 36.Qa7 Kc8
37.Qa3 Kb8 38.Qc1 Bc8 39.c4 dxc4 40.Qxc4 Rf8 41.Rc1 Qf7 42.Rc2 Rd8 43.Re3 Rd6
44.Rec3 Rd7 45.Ra3 Bb7 46.Rca2 Qf5 47.Ra1 Qe4 48.Kf1 Rxd4 49.Qc3 Qh1+ 50.Ke2 Qe4+
51.Kf1 Qd5 52.f3 Qxb5+ 53.Kf2 e5 54.Rc1 Qd7 55.Rc2 h5 56.h3 g4 57.hxg4 hxg4
58.Qe3 Qh7 59.Rd2 Qh2+ 60.Ke1 Qh1+ 61.Kf2 Qh2+ 62.Ke1 Qxg3+ 63.Kf1 Qh3+ 64.Ke1 Qh1+
65.Kf2 Rxd2+ 66.Qxd2 Qh2+ 67.Ke3 Qf4+ 68.Ke2 gxf3+ 69.Ke1 f2+  0-1

[Event "11th Gibraltar Masters"]
[Site "Caleta ENG"]
[Date "2013.01.24"]
[Round "3.52"]
[White "Quillan,G"]
[Black "Walton,A"]
[Result "1-0"]
[WhiteElo "2398"]
[BlackElo "2153"]

1.e4 e6 2.d4 d5 3.Nd2 Be7 4.e5 c5 5.Qg4 Bf8 6.dxc5 Qc7 7.Ngf3 Nd7 8.Bb5 Qxc5
9.Bd3 Qc7 10.O-O Ne7 11.Re1 Nc6 12.c4 Ndxe5 13.Nxe5 Nxe5 14.Qg3 Bd6 15.Qxg7 Rf8
16.Bf1 h5 17.c5 f5 18.Qg3 Qxc5 19.Rxe5 Bxe5 20.Qxe5 Bd7 21.Nb3 Qe7 22.Be2  1-0

[Event "11th Gibraltar Masters"]
[Site "Caleta ENG"]
[Date "2013.01.25"]
[Round "4.15"]
[White "Womacka,M"]
[Black "David,Alb"]
[Result "1/2-1/2"]
[WhiteElo "2442"]
[BlackElo "2599"]

1.e4 e6 2.d4 d5 3.Nd2 Be7 4.Ngf3 Nf6 5.e5 Nfd7 6.Bd3 c5 7.c3 Nc6 8.O-O a5
9.Re1 cxd4 10.cxd4 g5 11.h3 h5 12.Nf1 g4 13.hxg4 hxg4 14.N3h2 Bb4 15.Re3 Qh4
16.Rg3 f5 17.exf6 Nxf6 18.Bf4 Qh5 19.a3 Be7 20.Rc1 Bd7 21.f3 Nxd4 22.fxg4 Qf7
23.Be5 Nc6 24.Nf3 Bd8 25.Rxc6 Bxc6 26.g5 Bb6+ 27.Nd4 Rh4 28.gxf6 Rxd4 29.Ne3 Rh4
30.Qb3 Bxe3+ 31.Rxe3 Qh5 32.Qb6 d4 33.f7+ Qxf7 34.Rg3 Rh1+ 35.Kxh1 Qh5+ 36.Kg1 Qxe5
37.Rg8+ Kf7 38.Rxa8 Qe3+ 39.Kh2 Qh6+ 40.Kg1 Qe3+ 41.Kh2 Qh6+ 42.Kg1  1/2-1/2

[Event "11th Gibraltar Masters"]
[Site "Caleta ENG"]
[Date "2013.01.26"]
[Round "5.88"]
[White "Hutton,Jack"]
[Black "Lipecki,A"]
[Result "0-1"]
[WhiteElo "2017"]
[BlackElo "2138"]

1.e4 e6 2.d4 d5 3.Nd2 Nc6 4.Ngf3 Nf6 5.e5 Nd7 6.Nb3 a5 7.a4 b6 8.Bb5 Na7
9.Bd3 c5 10.c4 Bb7 11.O-O Rc8 12.Qe2 dxc4 13.Bxc4 Bxf3 14.gxf3 cxd4 15.Nxd4 Rxc4
16.Qxc4 Nxe5 17.Qe2 Qxd4 18.Rd1 Qc5 19.Bf4 Nec6 20.Rac1 Qf5 21.Qd2 e5 22.Bxe5 Be7
23.Bc7 O-O 24.Bxb6 Ne5 25.Rc3 Qg6+ 26.Kh1 Qxb6 27.Qe2 Bf6 28.f4 Ng6 29.Rf3 Nc6
30.Qe4 Nb4 31.Rc1 Qd6 32.f5 Ne5 33.Rh3 Ned3 34.Rf1 Nf4 35.Rf3 Nbd3 36.Kg1 Qe5
37.Qc4 Qxf5 38.Re3 Qg4+  0-1

[Event "TCh-CZE Div1 Zapad 2012-13"]
[Site "Czech Republic CZE"]
[Date "2013.01.27"]
[Round "6.7"]
[White "Nejdl,E"]
[Black "Balacek,T"]
[Result "0-1"]
[WhiteElo "2017"]
[BlackElo "2217"]

1.e4 e6 2.d4 d5 3.Nd2 Be7 4.e5 c5 5.c3 Nc6 6.Ne2 Qb6 7.Nb3 cxd4 8.cxd4 f6
9.exf6 Nxf6 10.Nc3 O-O 11.Be2 Bd7 12.O-O Be8 13.Bg5 Bg6 14.Re1 Rae8 15.Qd2 Bb4
16.Qd1 Bxc3 17.bxc3 Ne4 18.Bh4 Kh8 19.f3 Nf6 20.Bf2 Na5 21.Nc5 Qc6 22.Rc1 b6
23.Nd3 Nc4 24.Nb4 Qc8 25.Bf1 a5 26.Nd3 Nd7 27.Bg3 Qc6 28.Ne5 Ndxe5 29.Bxe5 b5
30.Bxc4 bxc4 31.Re2 Rf7 32.Qe1 Bd3 33.Rb2 Rb7 34.Qd2 Ree7 35.Re1 Kg8 36.h4 Qe8
37.Rxb7 Rxb7 38.Qg5 Qe7 39.Qg3 Rb2 40.Bd6 Qf6 41.Ba3 Re2 42.Qb8+ Kf7 43.Qf8+ Kg6
44.Qe8+ Qf7 45.h5+ Kf6 46.Qd8+ Kf5 47.g4+ Kf4 48.Qd6+ e5 49.Bc1+ Kxf3 50.Rxe2 Kxe2
51.Qxe5+ Kd1 52.Bf4 Be4 53.Kf2 Qb7 54.Qb8 Qxb8 55.Bxb8 Kc2 56.Be5 Kxc3 57.Bxg7 Kd2  0-1

[Event "TCh-HUN 2012-13"]
[Site "Decs HUN"]
[Date "2013.01.27"]
[Round "6"]
[White "Tesik,C"]
[Black "Toth,E"]
[Result "1/2-1/2"]
[WhiteElo "2366"]
[BlackElo "2473"]

1.e4 e6 2.d4 d5 3.Nd2 Be7 4.Ngf3 Nf6 5.e5 Nfd7 6.Bd3 c5 7.O-O cxd4 8.Re1 Nc6
9.Nb3 Qb6 10.a4 a6 11.a5 Qc7 12.Nbxd4 Nxa5 13.Ng5 Nxe5 14.Bf4 Bd6 15.Rxa5 Qxa5
16.Bxe5 Bxe5 17.Rxe5 Qc7 18.Qe2 g6 19.Qe3 Bd7 20.Qg3 Qb6 21.Ndf3 Qxb2 22.Qf4 O-O-O
23.Qxf7 a5 24.Qe7 a4 25.Nf7 a3 26.Re1 a2 27.Qc5+ Kb8 28.Qd4 Qxd4 29.Nxd4 e5
30.Nxe5 Rhe8 31.Nxd7+ Kc7 32.Ra1 Rxd7 33.Bb5 Re4 34.Bxd7 Rxd4 35.Bb5 Rb4
36.Rxa2 Rxb5 37.Kf1 Rb1+ 38.Ke2 Rh1 39.h3 Rg1 40.g3 g5 41.Ra8 Rh1  1/2-1/2

[Event "11th Gibraltar Masters"]
[Site "Caleta ENG"]
[Date "2013.01.28"]
[Round "7.59"]
[White "Valgmae,Toomas"]
[Black "Quillan,G"]
[Result "1/2-1/2"]
[WhiteElo "2218"]
[BlackElo "2398"]

1.e4 e6 2.d4 d5 3.Nd2 Be7 4.Bd3 c5 5.exd5 Qxd5 6.dxc5 Nf6 7.Ngf3 Bxc5 8.O-O Nc6
9.Qe2 Bd7 10.Rd1 Nb4 11.Be4 Qh5 12.Bxb7 Rb8 13.Be4 Ng4 14.Rf1 Nxh2 15.Nb3 Nxf1
16.Nxc5 Qxc5 17.Qxf1 Bb5 18.Qe1 O-O 19.Be3 Qe7 20.Nd4 Bd7 21.c4 f5 22.Bb1 e5
23.Nb3 Bc6 24.f3 Na6 25.Qa5 Qb4 26.Bxa7 Rbd8 27.Qxb4 Nxb4 28.Bc5 Rd1+ 29.Kh2 Rb8
30.Bxf5 Rxa1 31.Be6+ Kh8 32.Nxa1 Nxa2 33.b3 e4 34.Kg3 e3 35.Nc2 e2 36.Kf2 Rxb3
37.Kxe2 Nc3+ 38.Kd2 Na4 39.Bd4 Rb8 40.Ne3 Re8 41.Bd5 Bd7 42.Kd3 Rc8 43.Be4 Kg8
44.Nd5 Nc5+ 45.Bxc5 Rxc5 46.Kd4 Ra5 47.c5 Kf7 48.Nb6 Be6 49.c6 Rb5 50.Nd5 Rb2
51.c7 Ke8 52.Ke5 Bc8 53.g4 g6 54.Kd6 Rd2 55.Kc6 Bd7+ 56.Kc5 Rd1 57.Nb6 Ke7
58.c8=Q Bxc8 59.Nxc8+ Ke6 60.Nb6 Ke5 61.Nd5 Rc1+ 62.Kb4 h5 63.gxh5 gxh5 64.Ne3 h4
65.Ng4+ Kd4 66.Kb3 h3 67.Kb2 Rc8 68.Kb1 Rg8 69.Bc6 Rb8+ 70.Ka2 Rb6 71.Be4 Rb5
72.Bc6 Rg5 73.Kb3 Rg6 74.Ba8 Rg8 75.Bc6 Rb8+ 76.Ka2 Rc8 77.Be4 Re8 78.Kb3 Rg8
79.Bc6 Rg6 80.Ba8 Rb6+ 81.Kc2 Rb8 82.Be4 Rg8 83.Bb7 Rg6 84.Kd2 Rg7 85.Bc6 h2
86.Nxh2 Rg2+ 87.Ke1 Rxh2 88.Be4 Ke3 89.Kd1 Rd2+  1/2-1/2

[Event "18th HIT Open A 2013"]
[Site "Nova Gorica SLO"]
[Date "2013.01.29"]
[Round "7.14"]
[White "Cretnik,Urban"]
[Black "Pirs,M2"]
[Result "1/2-1/2"]
[WhiteElo "1758"]
[BlackElo "2053"]

1.e4 e6 2.d4 d5 3.Nd2 Be7 4.Bd3 Nf6 5.e5 Nfd7 6.Ne2 c5 7.c3 Nc6 8.O-O Qb6
9.Nf3 cxd4 10.cxd4 a5 11.Bd2 f6 12.exf6 Nxf6 13.Bc3 O-O 14.Rc1 Bd7 15.Bb1 Bb4
16.Ng3 Be8 17.Re1 Bf7 18.a3 Bxc3 19.Rxc3 Kh8 20.Rb3 Qa7 21.h3 Rae8 22.Rbe3  1/2-1/2

[Event "11th Gibraltar Masters"]
[Site "Caleta ENG"]
[Date "2013.01.30"]
[Round "9.42"]
[White "Kvisla,J"]
[Black "Teran Alvarez,I"]
[Result "0-1"]
[WhiteElo "2148"]
[BlackElo "2399"]

1.d4 e6 2.e4 d5 3.Nd2 Be7 4.Ngf3 Nf6 5.Bd3 c5 6.dxc5 dxe4 7.Nxe4 Nxe4 8.Bxe4 Qxd1+
9.Kxd1 Bxc5 10.Ke2 Nd7 11.a3 Be7 12.b4 Bf6 13.Rb1 Nb6 14.Bb2 Bxb2 15.Rxb2 Bd7
16.Bxb7 Bb5+ 17.Kd1 Rd8+ 18.Kc1 Rd7 19.Be4 f5 20.Bd3 Bxd3 21.cxd3 Rxd3 22.Re1 O-O
23.Rxe6 Rxa3 24.Rc6 Nd5 25.Rc4 Re8 26.Rbc2 h6 27.Kb2 Ra6 28.Nd4 Rb6 29.b5 Re4
30.Nxf5 Rxb5+ 31.Kc1 Re1+ 32.Kd2 Rbb1 33.Rc1 Rexc1 34.Rxc1 Rxc1 35.Kxc1 Kf7
36.Kd2 Kf6 37.Nd4 Ne7 38.Nb3 Ke5 39.Ke2 Nc6 40.Nd2 Kd5 41.Kf3 a5 42.Kf4 a4
43.Nb1 Kd4 44.Kf5 Kd3 45.Kg6 Kc2 46.Na3+ Kb3  0-1

[Event "6th Gora Sw Anny OpA"]
[Site "Gora Swietej Anny POL"]
[Date "2013.01.31"]
[Round "7.11"]
[White "Rozycki,B"]
[Black "Wisniewski,M"]
[Result "1-0"]
[WhiteElo "2011"]
[BlackElo "1836"]

1.e4 e6 2.d4 d5 3.Nd2 a6 4.Ngf3 c5 5.dxc5 Bxc5 6.Bd3 Ne7 7.exd5 exd5 8.O-O Bf5
9.Bxf5 Nxf5 10.Qe2+ Ne7 11.Nb3 Bd6 12.Bg5 O-O 13.Bxe7 Bxe7 14.Rad1 Bf6 15.c4 Re8
16.Qc2 Qc7 17.Rxd5 Nc6 18.a3 Ne5 19.Nxe5 Rxe5 20.Rfd1 Rae8 21.Rxe5 Qxe5 22.g3 Qxb2
23.Qxb2 Bxb2 24.Nc5 b6 25.Na4 Bxa3 26.Nxb6 f6 27.Kf1 Rb8 28.Nd7 Rc8 29.Ra1 Bb4
30.Nb6 Rc6 31.Rxa6 Bc5 32.Ra8+ Kf7 33.Nd5 Bd4 34.Ra4 Ke6 35.Ke2 Rc8 36.f4 Rb8
37.Rb4 Ra8 38.Nc7+  1-0